Sobre las transformaciones sociales, económicas y espaciales de las regiones = (Registro nro. 66704)

Detalles MARC
000 -ENCABEZADO
Número de control [NR] 01816nam a2200337Ia 4500
008 - DE LONGITUD FIJA DE DATOS DE ELEMENTOS - INFORMACIÓN GENERAL
Elementos de longitud fija [NR] 130821s2008 pl ab gr mul
020 ## - NUMERO INTERNACIONAL NORMALIZADO PARA LIBROS [R]
Número Internacional Normalizado del libro [NR] 9788389502230
040 ## - FUENTE DE CATALOGACION [NR]
Agencia de catalogación original [NR] Co-BoUCM
Idioma de catalogación [NR] spa
041 00 - CODIGO DE IDIOMA [R]
Código de idioma para texto/pista de sonido o título separado [R]
245 00 - MENCION DE TITULO [NR]
Título [NR] Sobre las transformaciones sociales, económicas y espaciales de las regiones =
Parte restante del título [NR] On the social, economic and spatial transformations of the regions
Mención de responsabilidad, etc. [NR] editado por Jerzy Makowski
246 11 - FORMA VARIANTE DEL TITULO [R]
Título propiamente dicho/forma breve del título [NR] On the social, economic and spatial transformations of the region
260 ## - PUBLICACION, DISTRIBUCION, ETC. (PIE DE IMPRENTA) [R]
Lugar de publicación, distribución, etc. [R] Varsovia (Polonia)
Nombre del editor, distribuidor, etc. [R] Universidad de Varsovia
Fecha de publicación, distribución, etc. [R] 2008
300 ## - DESCRIPCION FISICA [R]
Extensión [R] 297 páginas
Otros detalles físicos [NR] ilustraciones, cuadros, mapas tablas (algunas en color)
Material acompañante [NR] 1 CD-ROM
500 ## - NOTA GENERAL [R]
Nota general [NR] El CD-ROM contiene el libro digitalizado en formato pdf.
504 ## - NOTA DE BIBLIOGRAFIA, ETC. [R]
Nota de bibliografía, etc. [NR]
650 04 - ASIENTO SECUNDARIO DE MATERIA - TERMINO TEMATICO [R]
Término temático o nombre geográfico como elemento de entrada [NR] Desarrollo económico
Subdivisión de forma [R] Congresos, conferencias, etc.
9 (RLIN) 72094
650 04 - ASIENTO SECUNDARIO DE MATERIA - TERMINO TEMATICO [R]
Término temático o nombre geográfico como elemento de entrada [NR] Desarrollo regional
Subdivisión de forma [R] Congresos, conferencias, etc.
9 (RLIN) 12989
650 04 - ASIENTO SECUNDARIO DE MATERIA - TERMINO TEMATICO [R]
Término temático o nombre geográfico como elemento de entrada [NR] Desarrollo rural
Subdivisión general [R] Aspectos económicos
Subdivisión de forma [R] Congresos, conferencias, etc.
9 (RLIN) 12990
650 04 - ASIENTO SECUNDARIO DE MATERIA - TERMINO TEMATICO [R]
Término temático o nombre geográfico como elemento de entrada [NR] Desarrollo social
9 (RLIN) 12991
650 04 - ASIENTO SECUNDARIO DE MATERIA - TERMINO TEMATICO [R]
Término temático o nombre geográfico como elemento de entrada [NR] Geografía humana
Subdivisión de forma [R] Congresos, conferencias, etc.
9 (RLIN) 16350
650 04 - ASIENTO SECUNDARIO DE MATERIA - TERMINO TEMATICO [R]
Término temático o nombre geográfico como elemento de entrada [NR] Planificación regional
Subdivisión de forma [R] Congresos, conferencias, etc.
9 (RLIN) 7932
650 04 - ASIENTO SECUNDARIO DE MATERIA - TERMINO TEMATICO [R]
Término temático o nombre geográfico como elemento de entrada [NR] Regionalismo
Subdivisión de forma [R] Congresos, conferencias, etc.
9 (RLIN) 23335
650 04 - ASIENTO SECUNDARIO DE MATERIA - TERMINO TEMATICO [R]
Término temático o nombre geográfico como elemento de entrada [NR] Sistema de Información Geográfica. SIG
Subdivisión de forma [R] Congresos, conferencias, etc.
9 (RLIN) 139529
650 04 - ASIENTO SECUNDARIO DE MATERIA - TERMINO TEMATICO [R]
Término temático o nombre geográfico como elemento de entrada [NR] Sociología rural
Subdivisión de forma [R] Congresos, conferencias, etc.
9 (RLIN) 24813
650 04 - ASIENTO SECUNDARIO DE MATERIA - TERMINO TEMATICO [R]
Término temático o nombre geográfico como elemento de entrada [NR] Sociología
9 (RLIN) 386
650 04 - ASIENTO SECUNDARIO DE MATERIA - TERMINO TEMATICO [R]
Término temático o nombre geográfico como elemento de entrada [NR] Territorialidad humana
Subdivisión de forma [R] Congresos, conferencias, etc.
9 (RLIN) 25418
700 1# - ASIENTO SECUNDARIO - NOMBRE PERSONAL [R]
Nombre personal [NR] Makowski, Jerzy
Término de relación [R]
9 (RLIN) 139540
710 1# - ASIENTO SECUNDARIO - NOMBRE CORPORATIVO [R]
Nombre corporativo o de jurisdicción como elemento de entrada [NR] Universidad de Varsovia.
Unidad subordinada [R] Facultad de Geografía y Estudios Regionales.
-- Instituto de Estudios Regionales y Globales
9 (RLIN) 139539
942 ## - ELEMENTOS DE ENTRADA AGREGADOS (KOHA)
Tipo de ítem principal el descrito en 300a Libro
Tema principal Sociología
Edición 1
Parte restante de la signatura top. S677
Sistema de clasificación DEWEY
Clasificación 304.23
Existencias
Fecha de último préstamo Total préstamos Signatura topográfica Código de barras Última vez visto Ejemplar Price effective from Tipo de ítem Perdido Sistema de clasificación Dañado No prestable Tipo de ítem específico Suprimido Ubicación habitual Ubicación actual Localización Fecha de creación Forma de adquisición Costo
08/07/2010   304.23 S677 100106161 10/12/2024 Ej.2 03/02/2013 Multimedia   DEWEY     CD-Rom   Claustro Claustro Colección digital 28/02/2010 Donación 26000.00
08/07/2010   304.23 S677 100106073 09/12/2025 Ej.1 03/02/2013 Libro   DEWEY     Libro   Claustro Claustro 2do piso 28/02/2010 Donación 26000.00